000 00409nam a2200181Ia 4500
001 18638
005 20260306171645.0
008 260306s9999||||xx |||||||||||||| ||und||
041 _aESP
082 _a658.4092
_bM87
100 _aMoss, Kanter, Rosabeth
_eAUT
245 0 _aConfianza
260 _c2006
300 _a364 páginas :
_ccm.
650 _aGEN
654 _aCAN
942 _cLIB
_dJUS
_fJUS
_2ddc
_n
999 _c18638
_d18638